00380nam a2200145Ia 4500008004100000020001500041082001500056100001500071245006400086250000800150260002900158300001100187500002400198650001200222230524s9999 xx 000 0 und d a8121905893 a401.6bKAP aA.N.Kapoor 2aA Guide to Business Correspondence and Communication Skills a3RD aNEW DELHIbS.Chandc2004 aVI;385 aQuantity Number: 5 aEnglish